000 00844nam a22002177a 4500
005 20120831145234.0
008 120831t xxu||||| |||| 00| 0 eng d
010 _aENG-105740
020 _a9789381868010
_c495.00
035 _aEN-89273
037 _bDBAD/PUB
040 _aDPL
_bEng
082 _a796.07
100 _aShunmuganathn, D.
_951911
245 _aMethods of administration and organization in physical education /
_cby S. Shunmuganathn
260 _aNew Delhi
_bLakshay Publication
_c2012
270 _a7/26, Ground Floor, Ansari Road, Daryaganj
_bNew Delhi
_e110002
_mlakshaythani@hotmail.com
300 _a182p.
_c22cm(Hb)
942 _2ddc
_cEN
_h796.07
_mSHU
999 _c69598
_d69598